| 000 | 01260cam a2200277 4500 | ||
|---|---|---|---|
| 008 | 090401t1999 xxu||||| |||| 00| 0 eng d | ||
| 020 | _a0854069399 | ||
| 022 | _a1354-506X | ||
| 035 | _a(Sirsi) u91427 | ||
| 041 | _aeng | ||
| 050 |
_a333.332 _c18 |
||
| 110 |
_aRoyal Institution of Chartered Surveyors _94900 |
||
| 245 |
_aAdjusting comparable capitalisation rate evidence _bguidance for practitioners |
||
| 260 |
_aLondon _bRICS _c1999 |
||
| 300 |
_aiii, 34p. _c30cm. |
||
| 350 | _a7.95 | ||
| 490 |
_aRICS Foundation Research Papers _v3(3) |
||
| 520 | _aContends that, when seeking to adjust capitalisation rate evidence for office investment property, the practitioner should have greatest regard to the relatives of the quality of the location, building attributes, occupancy level and occupant credit quality characteristics with the adoption of a deterministic approach advocated to contribute positively to the efficiency of the property investment market, valuation accuracy and the incidence of professional negligence claims. | ||
| 650 | _aCAPITALISATION RATE | ||
| 650 | _aINCOME CAPITALISATION | ||
| 650 | _aVALUATION METHODOLOGY | ||
| 690 | _aRATING AND VALUATION | ||
| 700 | _aParker, David | ||
| 942 | _n0 | ||
| 948 | _c18/02/1999 | ||
| 999 |
_c97638 _d97638 |
||